000 00604cam a22002053a 4500
001 44874
003 PGUSA
005 20140828084026.0
008 140211s2014||||xxu|||||s|||||000 | eng d
040 _aPGUSA
_beng
042 _adc
100 1 _aFéval, Paul,
_d1817-1887
245 1 0 _aLes belles-de-nuit, tome III :
_bou les anges de la famille
_h[electronic resource] /
_cPaul Féval
260 _bProject Gutenberg,
_c2014
506 _aPublic domain in the USA.
516 _aElectronic text
830 0 _aProject Gutenberg
_v44874
856 4 0 _uhttp://www.gutenberg.org/ebooks/44874
942 _cEB
999 _c274125
_d274125